<?xml version="1.0" encoding="UTF-8"?>
<record
    xmlns:xsi="http://www.w3.org/2001/XMLSchema-instance"
    xsi:schemaLocation="http://www.loc.gov/MARC21/slim http://www.loc.gov/standards/marcxml/schema/MARC21slim.xsd"
    xmlns="http://www.loc.gov/MARC21/slim">

  <leader>00390nam a22001337a 4500</leader>
  <datafield tag="082" ind1=" " ind2=" ">
    <subfield code="a">343.5491099</subfield>
    <subfield code="b">MUS</subfield>
  </datafield>
  <datafield tag="100" ind1=" " ind2=" ">
    <subfield code="a">Mushtaq, Mian Imran</subfield>
  </datafield>
  <datafield tag="245" ind1=" " ind2=" ">
    <subfield code="a">The Pakistan Telecommunication, Media &amp; Cyber Crime Laws /</subfield>
    <subfield code="c">Mian Imran Mushtaq</subfield>
  </datafield>
  <datafield tag="260" ind1=" " ind2=" ">
    <subfield code="a">Lahore :</subfield>
    <subfield code="b">Irfan Law Book House,</subfield>
    <subfield code="c">2023.</subfield>
  </datafield>
  <datafield tag="300" ind1=" " ind2=" ">
    <subfield code="a">495 p.</subfield>
  </datafield>
  <datafield tag="563" ind1=" " ind2=" ">
    <subfield code="a">HB.</subfield>
  </datafield>
  <datafield tag="650" ind1=" " ind2=" ">
    <subfield code="a">Law, cyber law,</subfield>
    <subfield code="9">128430</subfield>
  </datafield>
  <datafield tag="942" ind1=" " ind2=" ">
    <subfield code="2">ddc</subfield>
    <subfield code="c">BK</subfield>
  </datafield>
  <datafield tag="999" ind1=" " ind2=" ">
    <subfield code="c">613395</subfield>
    <subfield code="d">613395</subfield>
  </datafield>
  <datafield tag="952" ind1=" " ind2=" ">
    <subfield code="0">0</subfield>
    <subfield code="1">0</subfield>
    <subfield code="2">ddc</subfield>
    <subfield code="4">0</subfield>
    <subfield code="6">343_549109900000000_MUS</subfield>
    <subfield code="7">0</subfield>
    <subfield code="9">638897</subfield>
    <subfield code="a">NLS</subfield>
    <subfield code="b">NLS</subfield>
    <subfield code="d">2025-03-18</subfield>
    <subfield code="l">0</subfield>
    <subfield code="o">343.5491099 MUS</subfield>
    <subfield code="p">NLS-1478</subfield>
    <subfield code="r">2025-03-18</subfield>
    <subfield code="w">2025-03-18</subfield>
    <subfield code="y">BK</subfield>
  </datafield>
  <datafield tag="952" ind1=" " ind2=" ">
    <subfield code="0">0</subfield>
    <subfield code="1">0</subfield>
    <subfield code="2">ddc</subfield>
    <subfield code="4">0</subfield>
    <subfield code="6">343_549109900000000_MUS</subfield>
    <subfield code="7">0</subfield>
    <subfield code="9">639343</subfield>
    <subfield code="a">NLS</subfield>
    <subfield code="b">NLS</subfield>
    <subfield code="d">2025-03-27</subfield>
    <subfield code="l">1</subfield>
    <subfield code="o">343.5491099 MUS</subfield>
    <subfield code="p">NLS-1592</subfield>
    <subfield code="r">2025-05-06</subfield>
    <subfield code="s">2025-04-30</subfield>
    <subfield code="w">2025-03-27</subfield>
    <subfield code="y">BK</subfield>
  </datafield>
  <datafield tag="952" ind1=" " ind2=" ">
    <subfield code="0">0</subfield>
    <subfield code="1">0</subfield>
    <subfield code="2">ddc</subfield>
    <subfield code="4">0</subfield>
    <subfield code="6">343_549109900000000_MUS</subfield>
    <subfield code="7">0</subfield>
    <subfield code="9">639344</subfield>
    <subfield code="a">NLS</subfield>
    <subfield code="b">NLS</subfield>
    <subfield code="d">2025-03-27</subfield>
    <subfield code="l">0</subfield>
    <subfield code="o">343.5491099 MUS</subfield>
    <subfield code="p">NLS-1593</subfield>
    <subfield code="r">2025-03-27</subfield>
    <subfield code="w">2025-03-27</subfield>
    <subfield code="y">BK</subfield>
  </datafield>
  <datafield tag="952" ind1=" " ind2=" ">
    <subfield code="0">0</subfield>
    <subfield code="1">0</subfield>
    <subfield code="2">ddc</subfield>
    <subfield code="4">0</subfield>
    <subfield code="6">343_549109900000000_MUS</subfield>
    <subfield code="7">0</subfield>
    <subfield code="9">639345</subfield>
    <subfield code="a">NLS</subfield>
    <subfield code="b">NLS</subfield>
    <subfield code="d">2025-03-27</subfield>
    <subfield code="l">0</subfield>
    <subfield code="o">343.5491099 MUS</subfield>
    <subfield code="p">NLS-1594</subfield>
    <subfield code="r">2025-03-27</subfield>
    <subfield code="w">2025-03-27</subfield>
    <subfield code="y">BK</subfield>
  </datafield>
  <datafield tag="952" ind1=" " ind2=" ">
    <subfield code="0">0</subfield>
    <subfield code="1">0</subfield>
    <subfield code="2">ddc</subfield>
    <subfield code="4">0</subfield>
    <subfield code="6">343_549109900000000_MUS</subfield>
    <subfield code="7">0</subfield>
    <subfield code="9">640064</subfield>
    <subfield code="a">NLS</subfield>
    <subfield code="b">NLS</subfield>
    <subfield code="d">2025-06-25</subfield>
    <subfield code="e">Pakistan Law House</subfield>
    <subfield code="l">1</subfield>
    <subfield code="o">343.5491099 MUS</subfield>
    <subfield code="p">NLS-1963</subfield>
    <subfield code="q">2026-06-05</subfield>
    <subfield code="r">2026-05-06</subfield>
    <subfield code="s">2026-05-06</subfield>
    <subfield code="w">2025-06-25</subfield>
    <subfield code="y">BK</subfield>
  </datafield>
  <datafield tag="952" ind1=" " ind2=" ">
    <subfield code="0">0</subfield>
    <subfield code="1">0</subfield>
    <subfield code="2">ddc</subfield>
    <subfield code="4">0</subfield>
    <subfield code="6">343_549109900000000_MUS</subfield>
    <subfield code="7">0</subfield>
    <subfield code="9">640065</subfield>
    <subfield code="a">NLS</subfield>
    <subfield code="b">NLS</subfield>
    <subfield code="d">2025-06-25</subfield>
    <subfield code="e">Pakistan Law House</subfield>
    <subfield code="l">0</subfield>
    <subfield code="o">343.5491099 MUS</subfield>
    <subfield code="p">NLS-1964</subfield>
    <subfield code="r">2025-06-25</subfield>
    <subfield code="w">2025-06-25</subfield>
    <subfield code="y">BK</subfield>
  </datafield>
  <datafield tag="952" ind1=" " ind2=" ">
    <subfield code="0">0</subfield>
    <subfield code="1">0</subfield>
    <subfield code="2">ddc</subfield>
    <subfield code="4">0</subfield>
    <subfield code="6">343_549109900000000_MUS</subfield>
    <subfield code="7">0</subfield>
    <subfield code="9">640066</subfield>
    <subfield code="a">NLS</subfield>
    <subfield code="b">NLS</subfield>
    <subfield code="d">2025-06-25</subfield>
    <subfield code="e">Pakistan Law House</subfield>
    <subfield code="l">0</subfield>
    <subfield code="o">343.5491099 MUS</subfield>
    <subfield code="p">NLS-1965</subfield>
    <subfield code="r">2025-06-25</subfield>
    <subfield code="w">2025-06-25</subfield>
    <subfield code="y">BK</subfield>
  </datafield>
  <datafield tag="952" ind1=" " ind2=" ">
    <subfield code="0">0</subfield>
    <subfield code="1">0</subfield>
    <subfield code="2">ddc</subfield>
    <subfield code="4">0</subfield>
    <subfield code="6">343_549109900000000_MUS</subfield>
    <subfield code="7">0</subfield>
    <subfield code="9">640928</subfield>
    <subfield code="a">NLS</subfield>
    <subfield code="b">NLS</subfield>
    <subfield code="d">2025-06-28</subfield>
    <subfield code="l">0</subfield>
    <subfield code="o">343.5491099 MUS</subfield>
    <subfield code="p">NLS-2788</subfield>
    <subfield code="r">2025-06-28</subfield>
    <subfield code="w">2025-06-28</subfield>
    <subfield code="y">BK</subfield>
  </datafield>
  <datafield tag="952" ind1=" " ind2=" ">
    <subfield code="0">0</subfield>
    <subfield code="1">0</subfield>
    <subfield code="2">ddc</subfield>
    <subfield code="4">0</subfield>
    <subfield code="6">343_549109900000000_MUS</subfield>
    <subfield code="7">0</subfield>
    <subfield code="9">640929</subfield>
    <subfield code="a">NLS</subfield>
    <subfield code="b">NLS</subfield>
    <subfield code="d">2025-06-28</subfield>
    <subfield code="l">1</subfield>
    <subfield code="o">343.5491099 MUS</subfield>
    <subfield code="p">NLS-2789</subfield>
    <subfield code="r">2026-02-24</subfield>
    <subfield code="s">2026-02-18</subfield>
    <subfield code="w">2025-06-28</subfield>
    <subfield code="y">BK</subfield>
  </datafield>
  <datafield tag="952" ind1=" " ind2=" ">
    <subfield code="0">0</subfield>
    <subfield code="1">0</subfield>
    <subfield code="2">ddc</subfield>
    <subfield code="4">0</subfield>
    <subfield code="6">343_549109900000000_MUS</subfield>
    <subfield code="7">0</subfield>
    <subfield code="9">640930</subfield>
    <subfield code="a">NLS</subfield>
    <subfield code="b">NLS</subfield>
    <subfield code="d">2025-06-28</subfield>
    <subfield code="l">0</subfield>
    <subfield code="o">343.5491099 MUS</subfield>
    <subfield code="p">NLS-2790</subfield>
    <subfield code="r">2025-06-28</subfield>
    <subfield code="w">2025-06-28</subfield>
    <subfield code="y">BK</subfield>
  </datafield>
  <datafield tag="952" ind1=" " ind2=" ">
    <subfield code="0">0</subfield>
    <subfield code="1">0</subfield>
    <subfield code="2">ddc</subfield>
    <subfield code="4">0</subfield>
    <subfield code="6">343_549109900000000_MUS</subfield>
    <subfield code="7">0</subfield>
    <subfield code="9">640931</subfield>
    <subfield code="a">NLS</subfield>
    <subfield code="b">NLS</subfield>
    <subfield code="d">2025-06-28</subfield>
    <subfield code="l">0</subfield>
    <subfield code="o">343.5491099 MUS</subfield>
    <subfield code="p">NLS-2791</subfield>
    <subfield code="r">2025-06-28</subfield>
    <subfield code="w">2025-06-28</subfield>
    <subfield code="y">BK</subfield>
  </datafield>
</record>
